[Event "Reykjavik Congress"]
[Site "Reykjavik"]
[Date "2019.01.30"]
[Round "8"]
[White "Valdimarsson, Johann"]
[Black "Heidarsson, Arnar Milutin"]
[Result "1/2-1/2"]
[WhiteElo "1577"]
[BlackElo "1740"]
[PlyCount "64"]
[EventDate "2019.01.06"]
[EventType "swiss"]
[EventRounds "9"]
[EventCountry "ISL"]
[SourceTitle "CBM 188 Extra"]
[Source "ChessBase"]
[SourceDate "2019.02.26"]
[SourceVersion "1"]
[SourceVersionDate "2019.02.26"]
[SourceQuality "1"]

1. c4 Nf6 2. d4 e6 3. Nc3 Bb4 4. Qc2 d5 5. Bg5 0-0 6. e3 b6 7. a3 Bxc3+ 8. Qxc3 c6 9. Nf3 Nbd7 10. Ne5 Nxe5 11. dxe5 Ne4 12. Bxd8 Nxc3 13. Bxb6 axb6 14. bxc3 Ra5 15. f4 dxc4 16. Be2 Ba6 17. Kf2 f6 18. exf6 Rxf6 19. Rhd1 Rd5 20. Bf3 Rd3 21. Rxd3 cxd3 22. Bxc6 Rf5 23. Be4 Rc5 24. Rc1 d2 25. Rd1 Rxc3 26. Rxd2 Bc4 27. Rd6 b5 28. Ra6 g6 29. Ra7 Rc1 30. g4 Ra1 31. h4 Rf1+ 32. Kg3 Rg1+ 1/2-1/2